000 00615nam a22001457a 4500
005 20241126194616.0
008 241126b |||||||| |||| 00| 0 eng d
020 _a9780406010018
245 _aThe All England Law Reports 1992 Vol. 2
260 _aLondon, UK
_bButterworths & Co. (Publishing) Ltd
_c1992
300 _axvi, 928 pages
_c23.5 cm
500 _aEditor ; Hutchesson Peter LLM. Barrister, New Zealand. Assistant Editor ; Watson Brook of Lincoln Inn, Barrister and of the New South Wales Bar. Consulting Editor : Shockett Wendy of Gray's Inn, Barrister.
650 _2Law Reports
_xUK
942 _2lcc
_cBK
_n0
999 _c1571
_d1571